Hiring the right person for the job (Record no. 78193)

MARC details
000 -LEADER
fixed length control field 00927cab a2200181 4500
001 - CONTROL NUMBER
control field ##L136204
008 - FIXED-LENGTH DATA ELEMENTS--GENERAL INFORMATION
fixed length control field 070117n2006 000 0 eng u
035 ## - SYSTEM CONTROL NUMBER
System control number (Sirsi) u136204
041 0# - LANGUAGE CODE
Language code of text/sound track or separate title eng
100 1# - MAIN ENTRY--PERSONAL NAME
Personal name Bragg, Ian
245 00 - TITLE STATEMENT
Title Hiring the right person for the job
260 ## - PUBLICATION, DISTRIBUTION, ETC.
Date of publication, distribution, etc. 2006
490 #0 - SERIES STATEMENT
Series statement Estates Gazette
Volume/sequential designation (0645) 11 November 2006, 188(1)
520 ## - SUMMARY, ETC.
Summary, etc. Suggests that building surveyors can make proficient project monitors, a role traditionally carried out by quantity surveyors. The role involves monitoring a construction project on behalf of an interested party and project monitors can be employed by banks to oversee developments for which banks will provide funds. Outlines important issues that project monitors should consider and shows how building surveyors have the broad knowledge base to advise a fund/landlord.
651 #4 - SUBJECT ADDED ENTRY--GEOGRAPHIC NAME
Geographic name United Kingdom
Chronological subdivision
690 ## - LOCAL SUBJECT ADDED ENTRY--TOPICAL TERM (OCLC, RLIN)
Topical term or geographic name as entry element Project management
9 (RLIN) 6261
942 ## - ADDED ENTRY ELEMENTS (KOHA)
Suppress in OPAC 0
Holdings
Withdrawn status Lost status Source of classification or shelving scheme Damaged status Not for loan Home library Current library Shelving location Date acquired Total Checkouts Full call number Barcode Date last seen Copy number Price effective from Koha item type
    Dewey Decimal Classification     London London Journal article 17/01/2007   L136204 136204-1001 06/08/2019 1 06/08/2019 Journal article